| 000 | 00438nam a22001697a 4500 | ||
|---|---|---|---|
| 003 | MACL | ||
| 005 | 20160802130942.0 | ||
| 008 | 160802b xxu||||| |||| 00| 0 eng d | ||
| 040 | _cMACL | ||
| 041 | _aEnglish | ||
| 082 | _a741.642 | ||
| 100 |
_aMani, Chandra Shekhar _965943 |
||
| 245 |
_a1857 Freedom Revolt _cChandra Shekhar Mani |
||
| 260 |
_aNew Delhi _bSurjeet Parkashan _c2010 |
||
| 650 |
_aChildren _965944 |
||
| 942 |
_2ddc _cBK |
||
| 999 |
_c55434 _d55434 |
||